[Event "Helsingor Xtracon op"]
[Site "Helsingor"]
[Date "2018.07.27"]
[Round "8"]
[White "Tarakanov, Vladislav"]
[Black "Knudsen, Jan Engelund"]
[Result "0-1"]
[WhiteElo "1380"]
[BlackElo "1659"]
[PlyCount "108"]
[EventDate "2018.07.21"]
[EventType "swiss"]
[EventRounds "10"]
[EventCountry "DEN"]
[SourceTitle "CBM 185 Extra"]
[Source "ChessBase"]
[SourceDate "2018.07.29"]
[SourceVersion "1"]
[SourceVersionDate "2018.07.29"]
[SourceQuality "1"]

1. e4 c5 2. Nf3 d6 3. d4 cxd4 4. Nxd4 Nf6 5. Nc3 a6 6. Be2 g6 7. f4 Bg7 8. e5 dxe5 9. fxe5 Nh5 10. Nf3 Qa5 11. 0-0 Bxe5 12. Nxe5 Qxe5 13. Bh6 Nc6 14. Bxh5 gxh5 15. Qf3 Be6 16. Rae1 Qd4+ 17. Kh1 Qh4 18. Rd1 Rd8 19. Rde1 Rg8 20. a3 Rg6 21. Be3 Kd7 22. Rd1+ Kc8 23. Rxd8+ Kxd8 24. b4 Qc4 25. Na4 Ke8 26. Nb6 Qxc2 27. Rg1 Qb2 28. Qxh5 h6 29. Qh4 Qc2 30. Bc5 Qb2 31. Qh5 Qb3 32. Qh4 Qxa3 33. Na8 Qa2 34. Nb6 Qc2 35. Qe1 Kf8 36. Qh4 Bf5 37. Qe1 Be4 38. Qf1 Kg8 39. Nd7 Qd2 40. Nb6 Rf6 41. Qc4 Qf4 42. Qe2 Re6 43. Qb2 Bd3 44. Qc3 Qf5 45. Qd2 Qg6 46. Nd5 Re2 47. Qc1 e5 48. Ne7+ Nxe7 49. Bxe7 Be4 50. Qf1 Qh5 51. Bc5 Bc6 52. Bb6 Rb2 53. Bc5 Rb3 54. Qf2 Rh3 0-1